Melogikkan Rukun Islam : Bagi Kesihatan Fizikal Dan Psikologi Manusia

Bibliographic Details
Main Author: Musbikin,Imam
Format: Book
Published: Selangor : Al-Hidayah House Of Publishers , 2012
Subjects:

MARC

LEADER 00000cam a2200000 7i4500
001 0000095505
005 20120621.0
008 100526 bm
020 |a 9789670267173 
090 0 0 |a 297.31 MUS 
100 1 |a Musbikin,Imam 
245 1 0 |a Melogikkan Rukun Islam :   |b Bagi Kesihatan Fizikal Dan Psikologi Manusia   |c Imam Musbikin 
260 |a Selangor :   |b Al-Hidayah House Of Publishers ,   |c 2012 
300 |a 286p. ;   |c 22cm. 
650 0 0 |a Islam   |x Doctrine 
999 |a 0000129266   |b Buku   |c Rak Terbuka   |e Perpustakaan Komuniti UTC Melaka 
999 |a 0000129267   |b Buku   |c Rak Terbuka   |e Perpustakaan Komuniti UTC Melaka